Guess the Taylor Swift Song (no hints) 128 - Statistics

General Stats
  • This quiz has been taken 72 times
  • The average score is 193 of 304
Answer Stats
Answer % Correct
a
100%
I
100%
the
100%
you
100%
You
100%
you?
100%
an
98%
love
98%
me,
98%
me
98%
and
96%
And
96%
my
91%
on
91%
on,
91%
to
91%
your
91%
be
89%
in
89%
In
89%
it
89%
we
89%
who
87%
Like
85%
like
85%
when
85%
if
83%
We're
83%
were
83%
I'm
80%
it's
80%
back
78%
this
78%
can
76%
moon
76%
Then
76%
what
76%
What
76%
no
74%
of
74%
one
74%
One
74%
us
74%
was
74%
with
72%
from
70%
say
67%
"Why?"
67%
had
65%
just
65%
see
65%
could
63%
away
59%
gonna
59%
up
59%
down
57%
here
57%
knew
57%
mine
57%
some
57%
our
54%
baby,
52%
best
52%
Come
52%
Out
50%
still
50%
About
48%
about
48%
day
48%
Would
48%
even
46%
fly
46%
four
46%
years
46%
eyes
43%
hand,
43%
hand
43%
last
43%
wanted
43%
we'll
43%
boy
41%
way,
41%
anything
39%
home
37%
remember
37%
Remember
37%
feel
35%
into
35%
into?
35%
knows
35%
little
35%
blue
33%
drive
33%
Halloween,
33%
hallway
33%
hold
33%
man
33%
own
33%
thought
33%
feet
30%
looking
30%
really
30%
worst
30%
bare
28%
died
28%
face
28%
laugh
28%
through?
28%
won't
28%
beautiful
26%
room
26%
secret
26%
talk
26%
club
24%
floor,
24%
hard
24%
hospital
24%
kept
24%
kissed
24%
kitchen
24%
whispered
24%
army
22%
before
22%
closet
22%
dinosaurs
22%
ear
22%
getting
22%
grey,
22%
guy
22%
moment
22%
plastic
22%
standing
22%
Trying
22%
blind
20%
crying
20%
Flowers
20%
fought
20%
grow
20%
hope
20%
leaned
20%
pile
20%
screaming,
20%
cars
17%
dancing
17%
disappear
17%
miracle
17%
Turned
17%
waking
17%
bedtime
15%
curtained
15%
downs
15%
jumping
15%
Race
15%
No matching quizzes found
Score Distribution
Percent of People with Each Score
Percentile by Number Answered
Your Score History
You have not taken this quiz